000 00440nam a22001577a 4500
008 250506b |||||||| |||| 00| 0 eng d
020 _a9780393427707
050 _aJK275
_b.L68
100 _aLowi J. Theodore
245 _aAmerican Government Power and Purpose
250 _a16th
260 _aNew York
_bW.W. Norton Company
_c2021
300 _axxx, 148p.
_billustration
650 _aUnited States - Politics and Government
942 _cBK
999 _c3329
_d3329